Cálculo (Registro nro. 8137)
[ vista simple ]
| 000 -LEADER | |
|---|---|
| fixed length control field | 01201 a2200253 4500 |
| 001 - CONTROL NUMBER | |
| control field | 63353 |
| 005 - DATE AND TIME OF LATEST TRANSACTION | |
| control field | 20260407155931.0 |
| 008 - FIXED-LENGTH DATA ELEMENTS--GENERAL INFORMATION | |
| fixed length control field | 260407a1995 arg spa d |
| 003 - CONTROL NUMBER IDENTIFIER | |
| control field | AR-UNSa-BCEJYS |
| 040 ## - CATALOGING SOURCE | |
| Original cataloging agency | AR-UNSa-BCEJYS |
| Language of cataloging | spa |
| Transcribing agency | AR-UNSa-BCEJYS |
| 080 ## - UNIVERSAL DECIMAL CLASSIFICATION NUMBER | |
| Universal Decimal Classification number | 517.1 |
| Common auxiliary subdivision | Introducción al análisis. (Cálculo) |
| 020 ## - INTERNATIONAL STANDARD BOOK NUMBER | |
| International Standard Book Number | 978-958-600-247-9 |
| 041 ## - LANGUAGE CODE | |
| Language code of text/sound track or separate title | spa |
| 100 1# - MAIN ENTRY--PERSONAL NAME | |
| Personal name | Hoffmann, Laurence D. |
| 245 10 - TITLE STATEMENT | |
| Title | Cálculo |
| Name of part/section of a work | Aplicado a administración, economía, contaduría y ciencias sociales |
| 250 ## - EDITION STATEMENT | |
| Edition statement | 5a. ed. |
| 264 #1 - PRODUCTION, PUBLICATION, DISTRIBUTION, MANUFACTURE, AND COPYRIGHT NOTICE | |
| Place of production, publication, distribution, manufacture | Bogotá : |
| Name of producer, publisher, distributor, manufacturer | McGraw-Hill |
| Date of production, publication, distribution, manufacture, or copyright notice | 1995 |
| 300 ## - PHYSICAL DESCRIPTION | |
| Extent | xiv, 736 p. |
| Dimensions | 27 cm. |
| 505 ## - FORMATTED CONTENTS NOTE | |
| Formatted contents note | 1. Funciones, gráficas y límites - 2. Derivación: conceptos básicos - 3. Aplicaciones adicionales de la derivada - 4. Funciones exponenciales y logarítmicas - 5. Antiderivación - 6. Temas adicionales en integración - 7. Ecuaciones diferenciales - 8. Límites en el infinito e integrales impropias - 9. Funciones de dos variablex - 10. Integrales dobles - 11. Series infinitas y aproximación de Taylor - 12. Funciones trigonométricas - |
| 590 ## - LOCAL NOTE (RLIN) | |
| Local note | niveau_biblio:m niveau_hierar:0 |
| 700 1# - ADDED ENTRY--PERSONAL NAME | |
| Personal name | Bradley, Gerald L. |
| 700 1# - ADDED ENTRY--PERSONAL NAME | |
| Personal name | Rosas Lopetegui, Gloria Elizabeth |
| 942 ## - ADDED ENTRY ELEMENTS (KOHA) | |
| Koha item type | |
| Withdrawn status | Lost status | Damaged status | Not for loan | Home library | Current library | Shelving location | Date acquired | Total checkouts | Full call number | Barcode | Date last seen | Price effective from | Koha item type |
|---|---|---|---|---|---|---|---|---|---|---|---|---|---|
| Biblioteca Prof. Eusebio Cleto del Rey | Biblioteca Prof. Eusebio Cleto del Rey | 07/04/2026 | 517.1 H699 5ed. | L69544 | 07/04/2026 | 07/04/2026 | Libro |